书目信息 |
| 题名: |
中国社会主义商业经济
|
|
| 作者: | 刘福园 , 唐功烈 , 罗力行 主编 | |
| 分册: | ||
| 出版信息: | 北京 中国人民大学出版社 1980.09 |
|
| 页数: | 424页 | |
| 开本: | 21cm | |
| 丛书名: | ||
| 单 册: | ||
| 中图分类: | F72 | |
| 科图分类: | ||
| 主题词: | 商业经济--中国 | |
| 电子资源: | ||
| ISBN: | ||
| 000 | 00738nam0 2200253 45 | |
| 001 | 0180002734 | |
| 005 | 20041228165322.5 | |
| 010 | @dCNY1.25 | |
| 091 | @a4011.409 | |
| 100 | @a19950612d1980 em y0chiy0121 ea | |
| 101 | 0 | @achi |
| 102 | @aCN@b110000 | |
| 105 | @ay z 000yy | |
| 200 | 10 | @a中国社会主义商业经济@Azhong guo she hui zhu yi shang ye jing ji@f刘福园,唐功烈,罗力行主编@FLiu Fu Yuan,Tang Gong Lie,Luo Li Xing Zhu Bian |
| 210 | @a北京@c中国人民大学出版社@d1980.09 | |
| 215 | @a424页@d21cm | |
| 606 | 0 | @a商业经济@x中国 |
| 690 | @aF72@v3 | |
| 701 | 0 | @a刘福园@4主编 |
| 701 | 0 | @a唐功烈@4主编 |
| 701 | 0 | @a罗力行@4主编 |
| 801 | 0 | @aCN@b上海图书馆@c20031224 |
| 801 | 2 | @aCN@bNLC@c20031224 |
| 905 | @dF72@e2@f1@b66161 | |
| 中国社会主义商业经济/刘福园,唐功烈,罗力行主编.-北京:中国人民大学出版社,1980.09 |
| 424页;21cm |
| ISBN :CNY1.25 |
| ● |
| 相关链接 |
|
|
|
|
正题名:中国社会主义商业经济
索取号:F72/2
 
预约/预借
| 序号 | 登录号 | 条形码 | 馆藏地/架位号 | 状态 | 备注 |
| 1 | 0066157 | 000488751 | 密集书库/ [索取号:F72/2] | 在馆 | |
| 2 | 0066158 | 000488779 | 密集书库/ [索取号:F72/2] | 在馆 | |
| 3 | 0066160 | 000488788 | 第一借阅区/ [索取号:F72/2] | 在馆 | |
| 4 | 0066161 | 001969686 | 密集书库/ [索取号:F72/2] | 在馆 | |
| 5 | 0066162 | 001859313 | 密集书库/ [索取号:F72/2] | 在馆 | |
| 6 | 0066163 | 000488760 | 第一样本阅览室/ [索取号:F72/2] | 在馆 |